| 000 | 01080pam a2200361 i 4500 | ||
|---|---|---|---|
| 999 |
_c3004 _d3004 |
||
| 001 | 020146075 | ||
| 003 | Uk | ||
| 005 | 20230914150708.0 | ||
| 008 | 210328s2021 enk b 000 0 eng | ||
| 010 | _a 2020478652 | ||
| 015 |
_aGBC150352 _2bnb |
||
| 016 | 7 |
_a020146075 _2Uk |
|
| 020 |
_a9781350258433 _qpaperback _c£10.99 |
||
| 040 |
_aStDuBDS _beng _cStDuBDS _dUk _dKH8 _erda |
||
| 042 | _aukblcatcopy | ||
| 082 | 0 | 4 |
_a822.92 CHA _223 |
| 100 | 1 |
_aChappell, In-Sook, _eauthor. |
|
| 245 | 1 | 4 |
_aThe Free9 / _cIn-Sook Chappell. |
| 246 | 3 | _aFreeNine | |
| 246 | 3 | _aFree nine | |
| 264 | 1 |
_aLondon ; _aNew York, NY : _bMethuen Drama, _c2021. |
|
| 300 |
_a76 pages ; _c20 cm. |
||
| 336 |
_atext _2rdacontent |
||
| 337 |
_aunmediated _2rdamedia |
||
| 338 |
_avolume _2rdacarrier |
||
| 490 | 0 | _aPlays for young people | |
| 504 | _aIncludes bibliographical references. | ||
| 530 | _aAlso issued online. | ||
| 650 | 0 |
_aExiles _zKorea (South) _vJuvenile drama. |
|
| 650 | 0 |
_aExiles _zKorea (North) _vJuvenile drama. |
|
| 655 | 7 |
_aDrama. _2fast _0(OCoLC)fst01423879 |
|
| 942 |
_2ddc _cTR |
||